|
|
|
|
| LEADER |
00000caa a22000002c 4500 |
| 001 |
261146378 |
| 003 |
DE-627 |
| 005 |
20230120081801.0 |
| 007 |
tu |
| 008 |
071204s1997 gw ||||| 00| ||ger c |
| 035 |
|
|
|a (DE-627)261146378
|
| 035 |
|
|
|a (DE-576)274787822
|
| 035 |
|
|
|a (DE-599)GBV261146378
|
| 040 |
|
|
|a DE-627
|b ger
|c DE-627
|e rakwb
|
| 041 |
|
|
|a ger
|b eng
|
| 044 |
|
|
|c XA-DE
|
| 100 |
1 |
|
|a Ottersbach, Markus
|d 1962-
|0 (DE-588)124939074
|0 (DE-627)368372413
|0 (DE-576)176585974
|4 aut
|
| 109 |
|
|
|a Ottersbach, Markus 1962-
|
| 245 |
1 |
4 |
|a Der Kommunitarismus: eine Gefahr für das Projekt der pluralistischen Demokratie?
|b Zur Ausgrenzung ethnischer Minoritäten mit kommunitaristischen Argumenten
|
| 264 |
|
1 |
|c 1997
|
| 336 |
|
|
|a Text
|b txt
|2 rdacontent
|
| 337 |
|
|
|a ohne Hilfsmittel zu benutzen
|b n
|2 rdamedia
|
| 338 |
|
|
|a Band
|b nc
|2 rdacarrier
|
| 500 |
|
|
|a Communitarism: a threat to the project of pluralistic democracy?
|
| 650 |
|
7 |
|8 1.1\x
|a Kommunitarismus
|0 (DE-627)09137149X
|0 (DE-2867)19680-6
|2 stw
|
| 650 |
|
7 |
|8 1.2\x
|a Ethnische Gruppe
|0 (DE-627)091358221
|0 (DE-2867)15918-5
|2 stw
|
| 650 |
|
7 |
|8 1.3\x
|a Deutschland
|0 (DE-627)091354749
|0 (DE-2867)18012-3
|2 stw
|
| 655 |
|
4 |
|0 (DE-206)49
|a Aufsatz in Zeitschrift
|5 DE-206
|
| 700 |
1 |
|
|a Yıldız, Erol
|d 1960-
|0 (DE-588)114973075
|0 (DE-627)589449931
|0 (DE-576)17646445X
|4 oth
|
| 773 |
0 |
8 |
|i In
|t Soziale Welt
|d Baden-Baden : Nomos-Verl.-Ges., 1949
|g 48 (1997),3, S. 291-312
|w (DE-627)129472239
|w (DE-600)202662-4
|w (DE-576)014842106
|x 0038-6073
|7 nnas
|
| 773 |
1 |
8 |
|g volume:48
|g year:1997
|g number:3
|g pages:291-312
|
| 889 |
|
|
|w (DE-627)658258664
|
| 935 |
|
|
|a mkri
|
| 951 |
|
|
|a AR
|
| ELC |
|
|
|b 1
|
| LOK |
|
|
|0 000 xxxxxcx a22 zn 4500
|
| LOK |
|
|
|0 001 3416139062
|
| LOK |
|
|
|0 003 DE-627
|
| LOK |
|
|
|0 004 261146378
|
| LOK |
|
|
|0 005 20250411112121
|
| LOK |
|
|
|0 008 160208||||||||||||||||ger|||||||
|
| LOK |
|
|
|0 040
|a DE-21-110
|c DE-627
|d DE-21-110
|
| LOK |
|
|
|0 689
|a s
|a Minderheiten
|
| LOK |
|
|
|0 689
|a s
|a Multikulturelle Gesellschaft
|
| LOK |
|
|
|0 689
|a s
|a Kommunitarismus
|
| LOK |
|
|
|0 689
|a s
|a Zivilgesellschaft
|
| LOK |
|
|
|0 689
|a s
|a Ethnopolitik
|
| LOK |
|
|
|0 852
|a DE-21-110
|
| LOK |
|
|
|0 852 1
|m p
|9 00
|
| LOK |
|
|
|0 935
|a k110
|
| LOK |
|
|
|0 938
|k p
|
| LOK |
|
|
|0 939
|a 08-02-16
|b l01
|
| ORI |
|
|
|a SA-MARC-krimdoka001.raw
|